Party building in a new nation ; the Indian National Congress.

Bibliographic Details
Main Author: Weiner, Myron
Format: Book
Language:English
Published: [Chicago] : University of Chicago Press, [1967]
Subjects:

MARC

Tag First Indicator Second Indicator Subfields
LEADER 00000cam a22000001 4500
001 in00000058162
005 20151008051508.0
008 740410s1967 ilub b 00000 eng
010 |a  67012150  
035 |a (OCoLC)00228553 
035 |9 AAG8272AM 
040 |a DLC  |c DLC  |d TXA  |d UtOrBLW 
049 |a TXAM  |c [477968] 
050 0 0 |a JQ298.I5  |b W4 
082 0 |a 329.9/54 
092 |a 329.954  |b W423pb 
100 1 |a Weiner, Myron. 
245 1 0 |a Party building in a new nation ;  |b the Indian National Congress. 
264 1 |a [Chicago] :  |b University of Chicago Press,  |c [1967] 
300 |a 509 pages :  |b maps. ;  |c 25 cm. 
336 |a text  |b txt  |2 rdacontent 
337 |a unmediated  |b n  |2 rdamedia 
338 |a volume  |b nc  |2 rdacarrier 
504 |a Includes bibliographies. 
610 2 0 |a Indian National Congress. 
999 |a MARS 
999 f f |s 297e6199-c9dd-3619-b085-b0bb7fcb19df  |i ef16cf96-3763-3540-833c-ae54c25ba935  |t 0 
952 f f |p ric  |a Texas A&M University  |b Rellis Campus  |c Joint Library Facility  |d Remote Storage  |t 0  |e JQ298.I5 W4  |h Library of Congress classification  |i unmediated -- volume  |m A14800684762 
998 f f |a JQ298.I5 W4  |t 0  |l Remote Storage